Charaktere nach Größen - Attack on Titan (Anime) - Statistiken

Allgemein
  • Dieses Quiz wurde 1.523 mal gespielt
  • Das Durchschnittsergebnis liegt bei 9 aus 16
Antwortstatistiken
Größe Name % Korrekt
170cm Eren Jäger
98%
160cm Levi Ackerman
94%
170cm Mikasa Ackerman
92%
163cm Armin Arlert
83%
185cm Reiner Braun
75%
175cm Jean Kirstein
61%
168cm Sasha Blaus
58%
158cm Connie Springer
56%
153cm Annie Leonhardt
50%
172cm Ymir
41%
170cm Hanji Zoe
40%
192cm Bertholt Hoover
37%
145cm Christa Renz
30%
178cm Marco Bodt
27%
188cm Ervin Smith
21%
158cm Petra Ral
11%
Keine übereinstimmenden Quizze gefunden
Verteilung der Resultate
Anzahl Personen mit jedem Resultat
Perzentil nach korrekt beantworteten Fragen
Ihre Resultats-Entwicklung
Sie haben dieses Quiz noch nicht gespielt